[Event "Vaujany op-B 8th"]
[Site "Vaujany"]
[Date "2017.07.14"]
[Round "2.4"]
[White "Koltai, Daniel"]
[Black "Pu, Linden"]
[Result "1-0"]
[WhiteElo "1812"]
[BlackElo "1701"]
[PlyCount "87"]
[EventDate "2017.07.13"]
[EventType "swiss"]
[EventRounds "9"]
[EventCountry "FRA"]
[SourceTitle "EXT 2020"]
[Source "ChessBase"]
[SourceDate "2019.10.17"]
[SourceVersion "1"]
[SourceVersionDate "2019.10.17"]
[SourceQuality "1"]

1. e4 d6 2. d4 Nf6 3. Nc3 Nbd7 4. Be3 e5 5. Nf3 Be7 6. Bc4 h6 7. dxe5 dxe5 8. 0-0 0-0 9. h3 c6 10. Qe2 Qc7 11. a3 b5 12. Ba2 a6 13. Rad1 Bb7 14. b4 c5 15. Nd5 Nxd5 16. exd5 cxb4 17. d6 Bxd6 18. Qd2 Bxf3 19. gxf3 Nf6 20. Qxd6 Qxc2 21. Bb1 Qe2 22. Qxb4 Qxf3 23. Qh4 e4 24. Rd4 Rae8 25. Rc1 Re5 26. Qg3 Qh5 27. Bf4 Re6 28. Ba2 Rb6 29. Bd6 Rd8 30. Rc7 Rd7 31. Rc8+ Kh7 32. Bb1 Qe2 33. Bf8 Nh5 34. Bxe4+ Qxe4 35. Rxe4 Nxg3 36. fxg3 Rd2 37. Rg4 g5 38. Re4 Rf6 39. Bb4 Ra2 40. Bc3 Rf3 41. Rh8+ Kg6 42. Rg8+ Kh5 43. Rh4+ gxh4 44. g4# 1-0

[Event "HUN-ch U16"]
[Site "Balatonlelle"]
[Date "2016.06.25"]
[Round "2"]
[White "Gorcsi, Gabor"]
[Black "Koltai, Daniel"]
[Result "1-0"]
[WhiteElo "2304"]
[BlackElo "1781"]
[PlyCount "79"]
[EventDate "2016.06.24"]
[EventType "swiss"]
[EventRounds "9"]
[EventCountry "HUN"]
[SourceTitle "CBM 173 Extra"]
[Source "ChessBase"]
[SourceDate "2016.08.29"]
[SourceVersion "1"]
[SourceVersionDate "2016.08.29"]
[SourceQuality "1"]

1. Nf3 Nf6 2. c4 g6 3. d4 Bg7 4. g3 0-0 5. Bg2 d6 6. 0-0 Nc6 7. Nc3 a6 8. a3 Rb8 9. b4 e5 10. d5 Ne7 11. e4 Nd7 12. Ne1 f5 13. f3 Nf6 14. Nd3 Nh5 15. Bd2 f4 16. g4 Nf6 17. c5 g5 18. b5 h5 19. h3 dxc5 20. Qb3 Ng6 21. bxa6 b6 22. a7 Ra8 23. Nb5 Kh7 24. a4 Qe7 25. a5 hxg4 26. hxg4 Nh4 27. Bh1 Nxg4 28. fxg4 Bxg4 29. d6 Qd7 30. axb6 cxb6 31. Nc7 Be2 32. Nf2 g4 33. Nxa8 g3 34. Nxb6 gxf2+ 35. Kxf2 Qg4 36. Rg1 Qh5 37. a8Q Ng6 38. Qxf8 Bxf8 39. Qf7+ Bg7 40. Qxg6+ 1-0

[Event "HUN-ch U16"]
[Site "Balatonlelle"]
[Date "2016.06.24"]
[Round "1"]
[White "Koltai, Daniel"]
[Black "Czupor, Attila"]
[Result "1/2-1/2"]
[WhiteElo "1781"]
[BlackElo "2135"]
[PlyCount "98"]
[EventDate "2016.06.24"]
[EventType "swiss"]
[EventRounds "9"]
[EventCountry "HUN"]
[SourceTitle "CBM 173 Extra"]
[Source "ChessBase"]
[SourceDate "2016.08.29"]
[SourceVersion "1"]
[SourceVersionDate "2016.08.29"]
[SourceQuality "1"]

1. e4 e5 2. Nf3 Nc6 3. Bb5 a6 4. Ba4 Nge7 5. Nc3 Ng6 6. d4 exd4 7. Nxd4 Bb4 8. 0-0 Bxc3 9. Nxc6 Qf6 10. bxc3 dxc6 11. Qd4 0-0 12. Qxf6 gxf6 13. Bb2 c5 14. Bb3 Be6 15. Bxe6 fxe6 16. Rad1 Rad8 17. Bc1 Kf7 18. Be3 b6 19. f4 Ne7 20. Rd3 Nc6 21. Rfd1 Ke7 22. Bf2 e5 23. Bg3 Ke6 24. Kf2 Rd6 25. Ke3 Na5 26. fxe5 fxe5 27. Rd5 Nc4+ 28. Ke2 Rfd8 29. Rxd6+ Rxd6 30. Rxd6+ cxd6 31. Bf2 d5 32. exd5+ Kxd5 33. Be3 e4 34. Bc1 Ke5 35. g4 Nd6 36. Kf2 Nb5 37. Ke3 c4 38. h3 Nc7 39. Kf2 Nd5 40. Bd2 b5 41. Bh6 Kf6 42. Bd2 Kg6 43. a3 Kf6 44. h4 Ke5 45. Bh6 a5 46. Kg3 Kf6 47. Bd2 Kg6 48. Kf2 Kf6 49. Bg5+ Ke5 1/2-1/2

[Event "HUN-chT2 Erkel 1516"]
[Site "Hungary"]
[Date "2015.09.13"]
[Round "1.12"]
[White "Varga, Istvan"]
[Black "Koltai, Daniel"]
[Result "0-1"]
[WhiteElo "1770"]
[BlackElo "1750"]
[PlyCount "120"]
[EventDate "2015.09.13"]
[EventType "team-tourn"]
[EventRounds "11"]
[EventCountry "HUN"]
[SourceTitle "CBM 170 Extra"]
[Source "ChessBase"]
[SourceDate "2016.02.25"]
[SourceVersion "1"]
[SourceVersionDate "2016.02.25"]
[SourceQuality "1"]
[WhiteTeam "Matra"]
[BlackTeam "Budapest MTK II"]
[WhiteTeamCountry "HUN"]
[BlackTeamCountry "HUN"]

1. d4 Nf6 2. c4 g6 3. Nc3 Bg7 4. e3 0-0 5. Nf3 d6 6. Bd2 Nbd7 7. Bd3 c5 8. d5 Ng4 9. 0-0 Nge5 10. Be2 Rb8 11. e4 a6 12. a4 b6 13. Qc1 Nxf3+ 14. Bxf3 Ne5 15. Be2 Re8 16. Bh6 Bh8 17. Bg5 Qc7 18. h3 Bb7 19. f4 Nd7 20. f5 Ne5 21. fxg6 fxg6 22. Bh6 Bg7 23. Bxg7 Kxg7 24. Qg5 Rf8 25. h4 Rf6 26. Rf4 Rbf8 27. Raf1 Bc8 28. h5 h6 29. Qg3 g5 30. Rxf6 Rxf6 31. Rxf6 exf6 32. Nd1 Qd7 33. Ne3 Qxa4 34. Kh2 Qa2 35. Nd1 Qb1 36. Qe3 Nxc4 37. Qb3 Ne5 38. Qxb6 Qxe4 39. Qc7+ Bd7 40. Nc3 Qf4+ 41. g3 Qf2+ 42. Kh1 Qxg3 43. Bd1 Qe1+ 44. Kg2 Qd2+ 45. Kf1 Qxb2 46. Bg4 Qc1+ 47. Kg2 Qd2+ 48. Kh1 Qc1+ 49. Kg2 Qc2+ 50. Kh1 f5 51. Bxf5 Qxf5 52. Ne2 Qh3+ 53. Kg1 Qg4+ 54. Kf1 Qf3+ 55. Ke1 Qxd5 56. Kf1 Qc6 57. Qd8 Qf3+ 58. Ke1 Bb5 59. Nc1 Qe3+ 60. Kd1 Ba4+ 0-1

[Event "Vaujany op-B 6th"]
[Site "Vaujany"]
[Date "2015.07.15"]
[Round "7"]
[White "Kovacs, Miklos"]
[Black "Koltai, Daniel"]
[Result "0-1"]
[WhiteElo "1826"]
[BlackElo "1680"]
[PlyCount "24"]
[EventDate "2015.07.08"]
[EventType "swiss"]
[EventRounds "9"]
[EventCountry "FRA"]
[SourceTitle "EXT 2017"]
[Source "ChessBase"]
[SourceDate "2016.10.25"]
[SourceVersion "1"]
[SourceVersionDate "2016.10.25"]
[SourceQuality "1"]

1. e4 c5 2. Nf3 d6 3. d4 cxd4 4. Nxd4 Nf6 5. Nc3 g6 6. Be3 Bg7 7. f3 0-0 8. Qd2 Nc6 9. Bc4 Bd7 10. g4 Ne5 11. Bb3 b5 12. Ndxb5 Nxf3+ 0-1

[Event "HUN-ch U16"]
[Site "Balatonlelle"]
[Date "2015.06.22"]
[Round "5"]
[White "Szukics, Adam"]
[Black "Koltai, Daniel"]
[Result "1-0"]
[WhiteElo "1985"]
[BlackElo "1680"]
[PlyCount "74"]
[EventDate "2015.06.18"]
[EventType "swiss"]
[EventRounds "7"]
[EventCountry "HUN"]
[SourceTitle "CBM 167 Extra"]
[Source "ChessBase"]
[SourceDate "2015.09.14"]
[SourceVersion "1"]
[SourceVersionDate "2015.09.14"]
[SourceQuality "1"]

1. e4 c5 2. Nf3 d6 3. d4 cxd4 4. Nxd4 Nf6 5. Nc3 g6 6. Be3 Bg7 7. f3 0-0 8. Qd2 Nc6 9. 0-0-0 d5 10. exd5 Nxd5 11. Nxc6 bxc6 12. Nxd5 cxd5 13. Qxd5 Qc7 14. Qc5 Qb7 15. b3 Bf5 16. Bd3 Rac8 17. Qa5 Qc6 18. Bxf5 gxf5 19. c4 e5 20. Rd5 Qg6 21. Qd2 Qa6 22. Qa5 Qg6 23. Rd2 e4 24. f4 Rc6 25. Rhd1 Ba1 26. Rd8 Bf6 27. R8d5 Ba1 28. Rxf5 Qg7 29. Rg5 Rg6 30. Rxg6 hxg6 31. Qd2 Qf6 32. g3 Qa6 33. Kb1 Bg7 34. Bd4 Rd8 35. Qc3 Rxd4 36. Rxd4 Qb6 37. c5 Bxd4 1-0

[Event "HUN-ch U16"]
[Site "Balatonlelle"]
[Date "2015.06.20"]
[Round "3"]
[White "Koltai, Daniel"]
[Black "Szilassi, Abel"]
[Result "1/2-1/2"]
[WhiteElo "1680"]
[BlackElo "2064"]
[PlyCount "105"]
[EventDate "2015.06.18"]
[EventType "swiss"]
[EventRounds "7"]
[EventCountry "HUN"]
[SourceTitle "CBM 167 Extra"]
[Source "ChessBase"]
[SourceDate "2015.09.14"]
[SourceVersion "1"]
[SourceVersionDate "2015.09.14"]
[SourceQuality "1"]

1. e4 e6 2. d4 d5 3. e5 c5 4. c3 Qb6 5. Nf3 Nc6 6. Na3 cxd4 7. cxd4 Bb4+ 8. Bd2 Bxa3 9. bxa3 Nxd4 10. Qa4+ Nc6 11. Bd3 Bd7 12. Qg4 Kf8 13. Qf4 Nh6 14. 0-0 a5 15. Rab1 Qc7 16. Rfc1 Nf5 17. g4 Nh6 18. Be3 Kg8 19. Qg3 f6 20. Bxh6 gxh6 21. Bb5 Be8 22. Bxc6 bxc6 23. exf6 Qxg3+ 24. hxg3 Kf7 25. Ne5+ Kxf6 26. Nxc6 Bxc6 27. Rxc6 Rhc8 28. Rcb6 Rc4 29. Re1 Re8 30. Rb5 Rxg4 31. Rxd5 Ra4 32. Rh5 Rxa3 33. Rxh6+ Kf5 34. Re2 Re7 35. Kg2 Kg5 36. Rhxe6 Rxe6 37. Rxe6 Rxa2 38. Ra6 a4 39. Ra7 h5 40. Ra5+ Kg4 41. Ra8 a3 42. Ra4+ Kg5 43. Kf3 Ra1 44. Ra5+ Kg6 45. Kf4 a2 46. Ra6+ Kf7 47. Kf5 Ke7 48. f4 Rg1 49. Rxa2 Rxg3 50. Rh2 Ra3 51. Rxh5 Ra5+ 52. Kg6 Rxh5 53. Kxh5 1/2-1/2

[Event "Budapest FS04 FM"]
[Site "Budapest"]
[Date "2015.04.06"]
[Round "3"]
[White "Koltai, Daniel"]
[Black "Szurkos, Andras"]
[Result "1-0"]
[WhiteElo "1707"]
[BlackElo "1719"]
[PlyCount "101"]
[EventDate "2015.04.04"]
[EventType "tourn"]
[EventRounds "9"]
[EventCountry "HUN"]
[SourceTitle "CBM 165 Extra"]
[Source "ChessBase"]
[SourceDate "2015.04.21"]
[SourceVersion "1"]
[SourceVersionDate "2015.04.21"]
[SourceQuality "1"]

1. e4 e5 2. Nf3 Nc6 3. Bb5 Nd4 4. Nxd4 exd4 5. 0-0 g6 6. Bc4 Bg7 7. d3 c6 8. Qf3 Qf6 9. Qg3 Bh6 10. f4 Qg7 11. Nd2 Ne7 12. Nf3 d5 13. Bb3 f5 14. Ne5 Be6 15. Bd2 a5 16. a4 Qg8 17. Rae1 dxe4 18. Bxe6 Qxe6 19. dxe4 0-0 20. Qh3 Bg7 21. Nf3 Qc4 22. exf5 Nxf5 23. Ng5 h6 24. Ne6 Rf7 25. Nxg7 Kxg7 26. g4 Nd6 27. f5 g5 28. Re6 Rh8 29. Rxd6 Rf6 30. Qg3 Re8 31. Rd7+ Rf7 32. Qd6 Rxd7 33. Qxd7+ Qf7 34. Qxf7+ Kxf7 35. Bxa5 Re2 36. Rf2 Re4 37. h3 h5 38. Rg2 hxg4 39. hxg4 d3 40. cxd3 Rxa4 41. Bd8 Rd4 42. Bxg5 Rxd3 43. Kh2 Rb3 44. Re2 c5 45. Be3 b6 46. Kg3 c4 47. Kh4 b5 48. Kg5 c3 49. Bd4 cxb2 50. Rxb2 Rd3 51. Rb4 1-0

[Event "Budapest FS04 FM"]
[Site "Budapest"]
[Date "2015.04.05"]
[Round "2"]
[White "Szalay, Janos L"]
[Black "Koltai, Daniel"]
[Result "1/2-1/2"]
[WhiteElo "1699"]
[BlackElo "1707"]
[PlyCount "180"]
[EventDate "2015.04.04"]
[EventType "tourn"]
[EventRounds "9"]
[EventCountry "HUN"]
[SourceTitle "CBM 165 Extra"]
[Source "ChessBase"]
[SourceDate "2015.04.21"]
[SourceVersion "1"]
[SourceVersionDate "2015.04.21"]
[SourceQuality "1"]

1. f4 d5 2. Nf3 Nf6 3. e3 g6 4. d4 Bg7 5. Bb5+ c6 6. Bd3 0-0 7. 0-0 c5 8. c3 Nc6 9. Ne5 Qb6 10. Bc2 cxd4 11. exd4 Be6 12. Nd2 Nxe5 13. fxe5 Ng4 14. Nf3 Nxe5 15. Ng5 Bg4 16. Qe1 h6 17. Nh3 Bxh3 18. gxh3 Rac8 19. Kh1 Nc6 20. Bb3 Rcd8 21. Qh4 g5 22. Qf2 e5 23. Rd1 exd4 24. cxd4 Bxd4 25. Qf5 Ne7 26. Qd3 Bg7 27. h4 g4 28. Bc2 f5 29. Bb3 Qf6 30. h5 Nc6 31. Re1 Kh8 32. Bf4 Qd4 33. Qg3 Qxb2 34. Rad1 Qa3 35. Re6 Rf6 36. Rxf6 Bxf6 37. Bxh6 Qc5 38. Be3 d4 39. Qf4 Bg7 40. Bf2 Qe5 41. Qg5 Qf6 42. Qf4 Qe5 43. Qd2 Qe4+ 44. Kg1 Ne5 45. Kf1 Nf3 46. Qd3 Nxh2+ 47. Kg1 Nf3+ 48. Kf1 Qxd3+ 49. Rxd3 Be5 50. Kg2 Ng5 51. Bh4 Bf4 52. Bxg5 Bxg5 53. Be6 Re8 54. Bxf5 Re2+ 55. Kg3 Be3 56. Kxg4 Rxa2 57. Rd1 Rg2+ 58. Kf3 Rg5 59. Bg6 Kg7 60. Ke4 a5 61. Rf1 Rg4+ 62. Kd3 Kg8 63. Rb1 Rg5 64. Rxb7 Bf2 65. Ke2 Be3 66. Rb8+ Kg7 67. Ra8 Rg2+ 68. Kf3 Rg5 69. Ke4 Rg4+ 70. Kd3 Rg5 71. Ra7+ Kg8 72. Ra6 Kg7 73. Kc4 Kg8 74. h6 Rxg6 75. Rxg6+ Kh7 76. Ra6 Bxh6 77. Kxd4 Bd2 78. Ke5 Kg7 79. Kf5 Bb4 80. Rg6+ Kf7 81. Rg4 Ke7 82. Ke5 Kf7 83. Rc4 Be1 84. Kf5 Bb4 85. Rc7+ Ke8 86. Rb7 Kd8 87. Ke6 Kc8 88. Rd7 Kb8 89. Kd5 Kc8 90. Kc6 Kb8 1/2-1/2

[Event "Budapest Karacsonyi op 6th"]
[Site "Budapest"]
[Date "2014.12.28"]
[Round "3"]
[White "Koltai, Daniel"]
[Black "Szlenka, Attila"]
[Result "0-1"]
[WhiteElo "1633"]
[BlackElo "1773"]
[PlyCount "140"]
[EventDate "2014.12.27"]
[EventType "swiss"]
[EventRounds "7"]
[EventCountry "HUN"]
[SourceTitle "EXT 2020"]
[Source "ChessBase"]
[SourceDate "2019.10.17"]
[SourceVersion "1"]
[SourceVersionDate "2019.10.17"]
[SourceQuality "1"]

1. e4 g6 2. d4 Bg7 3. Nc3 d6 4. Be3 Nf6 5. Qd2 Ng4 6. Bg5 h6 7. Bh4 0-0 8. h3 Nf6 9. Bxf6 exf6 10. Nf3 Nc6 11. 0-0-0 a6 12. d5 Ne5 13. Nd4 Re8 14. f4 Nd7 15. g4 Nc5 16. Bg2 Bd7 17. Bf3 Qc8 18. g5 hxg5 19. fxg5 fxg5 20. Qxg5 Re5 21. Qh4 Qd8 22. Qg3 Qg5+ 23. Qxg5 Rxg5 24. h4 Rg3 25. Nce2 Rh3 26. Kb1 Re8 27. Rxh3 Bxh3 28. Nc3 Nd7 29. Nde2 Ne5 30. Rh1 Nxf3 31. Rxh3 Nd2+ 32. Ka1 Nxe4 33. Re3 Nf6 34. Rxe8+ Nxe8 35. Ne4 Be5 36. c4 Ng7 37. Ng1 Nf5 38. Nf3 Bg7 39. Kb1 Ne3 40. b3 Kf8 41. Kc1 Bh6 42. Kb2 Ke7 43. Kc3 Nf5 44. Kd3 Bf4 45. Kc3 Bg3 46. Nxg3 Nxg3 47. Kd3 Kf6 48. Ng5 Nf5 49. Nf3 Nh6 50. Ke4 Ng4 51. Ng5 Ne5 52. Nh7+ Ke7 53. Ng5 c6 54. dxc6 bxc6 55. c5 f6 56. cxd6+ Kxd6 57. Nh3 Kc5 58. Nf4 Kb4 59. Ne2 Ka3 60. Nc3 Kb2 61. Na4+ Kxa2 62. Nc5 Ka3 63. Nxa6 Kxb3 64. Nc5+ Kc4 65. Ne6 Nd3 66. Nf8 Ne5 67. Nh7 Nd7 68. Kf4 Kd4 69. Nxf6 Nxf6 70. Kg5 Ke5 0-1

[Event "Budapest Karacsonyi op 6th"]
[Site "Budapest"]
[Date "2014.12.27"]
[Round "1"]
[White "Koltai, Daniel"]
[Black "Yip, Michael"]
[Result "0-1"]
[WhiteElo "1633"]
[BlackElo "1955"]
[PlyCount "88"]
[EventDate "2014.12.27"]
[EventType "swiss"]
[EventRounds "7"]
[EventCountry "HUN"]
[SourceTitle "EXT 2020"]
[Source "ChessBase"]
[SourceDate "2019.10.17"]
[SourceVersion "1"]
[SourceVersionDate "2019.10.17"]
[SourceQuality "1"]

1. e4 d5 2. exd5 Qxd5 3. Nc3 Qd6 4. d4 Nf6 5. Nf3 c6 6. h3 Bf5 7. Bd3 Bxd3 8. Qxd3 e6 9. 0-0 Nbd7 10. Ne2 Qc7 11. Bf4 Bd6 12. Bxd6 Qxd6 13. c4 0-0 14. Rfd1 Rfd8 15. Ng3 Qc7 16. Qc3 c5 17. Rac1 b6 18. d5 exd5 19. cxd5 Qf4 20. d6 Re8 21. a3 Rad8 22. b4 Re6 23. Qd2 Qxd2 24. Rxd2 g6 25. Ng5 Re5 26. f4 Re3 27. Kf2 Rxa3 28. bxc5 Nxc5 29. Rc4 Rxg3 30. Kxg3 h6 31. Ra2 hxg5 32. fxg5 Nfe4+ 33. Kg4 Nxd6 34. Rd4 Rd7 35. Rad2 Ncb7 36. Ra2 a5 37. Rb2 Kf8 38. Rxb6 Ke7 39. Rd1 Rc7 40. Rb3 Rc4+ 41. Kf3 Nc5 42. Re3+ Kd7 43. Rd5 Kc6 44. Ree5 a4 0-1

[Event "HUN-ch U14"]
[Site "Balatonlelle"]
[Date "2014.06.28"]
[Round "9"]
[White "Koltai, Daniel"]
[Black "Molnar, Tamas2222"]
[Result "1-0"]
[WhiteElo "1640"]
[BlackElo "1409"]
[PlyCount "36"]
[EventDate "2014.06.20"]
[EventType "swiss"]
[EventRounds "9"]
[EventCountry "HUN"]
[SourceTitle "EXT 2024"]
[Source "ChessBase"]
[SourceDate "2023.10.10"]
[SourceVersion "1"]
[SourceVersionDate "2023.10.10"]
[SourceQuality "1"]

1. e4 c5 2. Nf3 d6 3. d4 cxd4 4. Nxd4 Nf6 5. Nc3 g6 6. Be3 Bg7 7. f3 Nc6 8. Qd2 0-0 9. 0-0-0 Bd7 10. h4 Rc8 11. g4 Nxd4 12. Bxd4 Qa5 13. Kb1 Be6 14. Nd5 Qa4 15. Nxe7+ Kh8 16. b3 Qa3 17. Nxc8 Rxc8 18. g5 Rc5 1-0

[Event "HUN-ch U14"]
[Site "Balatonlelle"]
[Date "2014.06.23"]
[Round "4"]
[White "Koltai, Daniel"]
[Black "Acs, Marton"]
[Result "0-1"]
[WhiteElo "1640"]
[BlackElo "1895"]
[PlyCount "90"]
[EventDate "2014.06.20"]
[EventType "swiss"]
[EventRounds "9"]
[EventCountry "HUN"]
[SourceTitle "EXT 2024"]
[Source "ChessBase"]
[SourceDate "2023.10.10"]
[SourceVersion "1"]
[SourceVersionDate "2023.10.10"]
[SourceQuality "1"]

1. e4 e5 2. Nf3 Nc6 3. Bb5 a6 4. Ba4 Nf6 5. 0-0 Be7 6. Re1 b5 7. Bb3 d6 8. h3 0-0 9. c3 Nb8 10. d4 Nbd7 11. Nbd2 Bb7 12. Bc2 Re8 13. Nf1 Bf8 14. Ng3 g6 15. Bg5 h6 16. Bxf6 Qxf6 17. dxe5 Nxe5 18. Nxe5 dxe5 19. Re3 Rad8 20. Qe2 c5 21. b3 Qb6 22. Rb1 Bc8 23. Bd3 Qa5 24. c4 b4 25. Rd1 Rd4 26. Qc2 Red8 27. Ne2 R4d6 28. Nc1 Be7 29. Be2 Bg5 30. Rxd6 Rxd6 31. Rd3 Qd8 32. Rxd6 Qxd6 33. Qd3 Qc6 34. Qc2 Bxc1 35. Qxc1 Qxe4 36. Bf3 Qf4 37. Qd1 Qd4 38. Qc1 Kg7 39. Qe3 Bf5 40. Qe2 Bd3 41. Qe1 e4 42. Be2 Qc3 43. Qf1 Qd2 44. Bxd3 exd3 45. Qa1+ Qc3 0-1

[Event "HUN-ch U14"]
[Site "Balatonlelle"]
[Date "2014.06.21"]
[Round "2"]
[White "Koltai, Daniel"]
[Black "Haselbach, David"]
[Result "0-1"]
[WhiteElo "1640"]
[BlackElo "1742"]
[PlyCount "54"]
[EventDate "2014.06.20"]
[EventType "swiss"]
[EventRounds "9"]
[EventCountry "HUN"]
[SourceTitle "EXT 2024"]
[Source "ChessBase"]
[SourceDate "2023.10.10"]
[SourceVersion "1"]
[SourceVersionDate "2023.10.10"]
[SourceQuality "1"]

1. e4 c5 2. Nf3 d6 3. d4 cxd4 4. Nxd4 Nf6 5. Nc3 g6 6. Be3 Bg7 7. f3 0-0 8. Qd2 Nc6 9. 0-0-0 d5 10. Nxc6 bxc6 11. exd5 Nxd5 12. Nxd5 cxd5 13. Qxd5 Qc7 14. Qc5 Qb7 15. Qa3 Bf5 16. Bd3 Rab8 17. b3 Qc6 18. Bxf5 Qc3 19. Bd3 Rbc8 20. Rhf1 Rfd8 21. Rf2 Rxd3 22. Rxd3 Qxd3 23. Qxe7 Qc3 24. Bg5 Qb2+ 25. Kd1 Qb1+ 26. Bc1 Bh6 27. Qa3 Rd8+ 0-1

[Event "Budapest FS05 FM-B"]
[Site "Budapest"]
[Date "2014.05.04"]
[Round "2"]
[White "Bacsi, Andras"]
[Black "Koltai, Daniel"]
[Result "1/2-1/2"]
[WhiteElo "1794"]
[BlackElo "1626"]
[PlyCount "120"]
[EventDate "2014.05.03"]
[EventType "tourn"]
[EventRounds "10"]
[EventCountry "HUN"]
[SourceTitle "CBM 160 Extra"]
[Source "ChessBase"]
[SourceDate "2014.07.01"]
[SourceVersion "1"]
[SourceVersionDate "2014.07.01"]
[SourceQuality "1"]

1. Nf3 Nf6 2. c4 g6 3. Nc3 Bg7 4. d4 0-0 5. g3 d6 6. Bg2 Nbd7 7. 0-0 e5 8. e4 Rb8 9. h3 b6 10. Be3 Bb7 11. d5 a5 12. a3 Nc5 13. Ne1 Qe7 14. b4 Ncd7 15. Rb1 axb4 16. axb4 Ne8 17. Nd3 f5 18. Qd2 Nef6 19. Bh6 Bxh6 20. Qxh6 fxe4 21. Nxe4 Nxe4 22. Bxe4 Nf6 23. Bg2 Ba6 24. b5 Bc8 25. Rbe1 Qg7 26. Qxg7+ Kxg7 27. f4 exf4 28. Nxf4 Rf7 29. Ne6+ Bxe6 30. dxe6 Re7 31. Bd5 Rf8 32. Kg2 Nxd5 33. cxd5 Rxf1 34. Rxf1 h6 35. g4 g5 36. Kg3 Kg6 37. h4 Kg7 38. hxg5 hxg5 39. Rf5 Kg6 40. Kf3 Rh7 41. Rf8 Rh3+ 42. Ke4 Rh1 43. Rf3 Rh7 44. Rf7 Rh4 45. Rxc7 Rxg4+ 46. Kf3 Rd4 47. Rc6 Rxd5 48. Rxb6 Kf6 49. Rb8 Kxe6 50. b6 Kd7 51. Ke4 Rb5 52. Kd4 Kc6 53. Kc4 Rf5 54. b7 d5+ 55. Kd4 Rf4+ 56. Ke5 Re4+ 57. Kf5 Rb4 58. Kxg5 Rxb7 59. Rxb7 Kxb7 60. Kf4 Kc6 1/2-1/2

[Event "Budapest Karacsonyi op 5th"]
[Site "Budapest"]
[Date "2013.12.27"]
[Round "1"]
[White "Nemeth, Miklos"]
[Black "Koltai, Daniel"]
[Result "1-0"]
[WhiteElo "2082"]
[BlackElo "1616"]
[PlyCount "57"]
[EventDate "2013.12.27"]
[EventType "swiss"]
[EventRounds "7"]
[EventCountry "HUN"]
[SourceTitle "CBM 158 Extra"]
[Source "ChessBase"]
[SourceDate "2014.02.28"]
[SourceVersion "1"]
[SourceVersionDate "2014.02.28"]
[SourceQuality "1"]

1. e4 c5 2. Nf3 d6 3. d4 cxd4 4. Nxd4 Nf6 5. Nc3 g6 6. Be3 Bg7 7. f3 0-0 8. Bc4 Nc6 9. Qd2 Bd7 10. 0-0-0 Rc8 11. Bb3 Na5 12. g4 Nxb3+ 13. Nxb3 b5 14. e5 b4 15. Ne2 Ne8 16. exd6 Nxd6 17. Bc5 Bxb2+ 18. Kb1 Bc3 19. Nxc3 bxc3 20. Qg5 Qe8 21. h4 f6 22. Qe3 Ba4 23. h5 Qf7 24. hxg6 hxg6 25. Bxd6 exd6 26. Rh2 Bxb3 27. axb3 Rb8 28. Qxc3 Rfc8 29. Rdh1 1-0

[Event "Budapest-chT1 Lilienthal 1213"]
[Site "Budapest"]
[Date "2013.05.05"]
[Round "11"]
[White "Horvath, Attila Bela"]
[Black "Koltai, Daniel"]
[Result "1-0"]
[WhiteElo "1910"]
[BlackElo "1496"]
[PlyCount "61"]
[EventDate "2012.09.30"]
[EventType "team-tourn"]
[EventRounds "11"]
[EventCountry "HUN"]
[SourceTitle "EXT 2019"]
[Source "ChessBase"]
[SourceDate "2018.10.10"]
[SourceVersion "1"]
[SourceVersionDate "2018.10.10"]
[SourceQuality "1"]
[WhiteTeam "Fabulon"]
[BlackTeam "Sarkany II"]
[WhiteTeamCountry "HUN"]
[BlackTeamCountry "HUN"]

1. e4 c5 2. f4 e6 3. Nf3 Nc6 4. d3 Nge7 5. c3 g6 6. Na3 Bg7 7. Be2 0-0 8. 0-0 d6 9. Be3 b6 10. Rb1 Rb8 11. Nc2 Bb7 12. Bf2 Qd7 13. h4 h5 14. Ne3 d5 15. e5 Nf5 16. Nxf5 exf5 17. d4 cxd4 18. Bxd4 f6 19. Bb5 Qe7 20. exf6 Bxf6 21. Bxf6 Qe3+ 22. Rf2 Rxf6 23. Qxd5+ Kg7 24. Re1 Ne7 25. Qd7 Qxf4 26. Rxe7+ Kf8 27. Re8+ Rxe8 28. Qxe8+ Kg7 29. Qe7+ Rf7 30. Qxf7+ Kxf7 31. Ng5+ 1-0

[Event "Budapest Karacsonyi op 4th"]
[Site "Budapest"]
[Date "2012.12.29"]
[Round "5"]
[White "Koltai, Daniel"]
[Black "Csurgo, Jozsef"]
[Result "1/2-1/2"]
[WhiteElo "1503"]
[BlackElo "1750"]
[PlyCount "55"]
[EventDate "2012.12.27"]
[EventType "swiss"]
[EventRounds "7"]
[EventCountry "HUN"]
[SourceTitle "EXT 2014"]
[Source "ChessBase"]
[SourceDate "2013.11.20"]
[SourceVersion "1"]
[SourceVersionDate "2013.11.20"]
[SourceQuality "1"]

1. e4 e6 2. d4 d6 3. Nf3 c6 4. c4 g6 5. Nc3 Bg7 6. Be2 Nf6 7. 0-0 0-0 8. Bg5 Qb6 9. Qd2 Qc7 10. Bh6 a6 11. Bxg7 Kxg7 12. Rac1 Qd8 13. a4 Nbd7 14. Rfd1 c5 15. e5 dxe5 16. dxe5 Ne8 17. Ne4 Qc7 18. Nd6 Nxd6 19. Qxd6 Qb6 20. Qxb6 Nxb6 21. b3 a5 22. Rd6 Nd7 23. Rcd1 Nb8 24. Bd3 Nc6 25. Be4 Nb4 26. Ne1 Na2 27. Bf3 Rb8 28. Nc2 1/2-1/2

[Event "Budapest Karacsonyi op 4th"]
[Site "Budapest"]
[Date "2012.12.28"]
[Round "2"]
[White "Zsatkovics, Endre"]
[Black "Koltai, Daniel"]
[Result "0-1"]
[WhiteElo "1727"]
[BlackElo "1503"]
[PlyCount "94"]
[EventDate "2012.12.27"]
[EventType "swiss"]
[EventRounds "7"]
[EventCountry "HUN"]
[SourceTitle "EXT 2014"]
[Source "ChessBase"]
[SourceDate "2013.11.20"]
[SourceVersion "1"]
[SourceVersionDate "2013.11.20"]
[SourceQuality "1"]

1. e4 c5 2. Nf3 d6 3. d4 cxd4 4. Nxd4 Nf6 5. Nc3 g6 6. Be3 Bg7 7. f3 0-0 8. Bc4 Nc6 9. Qd2 Bd7 10. h4 Rc8 11. Bb3 Ne5 12. 0-0-0 Nc4 13. Bxc4 Rxc4 14. g4 Qa5 15. Kb1 Rfc8 16. Nd5 Qxd2 17. Nxf6+ Bxf6 18. Rxd2 b5 19. Nb3 a6 20. c3 Be6 21. Bd4 Bxd4 22. Nxd4 Bd7 23. Nb3 Be6 24. g5 b4 25. cxb4 Rxb4 26. Rc1 Rxc1+ 27. Nxc1 Kf8 28. Ne2 Ke8 29. Rd4 Rxd4 30. Nxd4 Kd7 31. Nxe6 Kxe6 32. Kc2 Kd7 33. Kd3 Kc6 34. Kc4 e6 35. a4 d5+ 36. exd5+ exd5+ 37. Kd4 a5 38. b3 Kd6 39. Kc3 Kc5 40. f4 d4+ 41. Kb2 Kd5 42. Kc2 Ke4 43. Kd2 d3 44. Kd1 Ke3 45. b4 axb4 46. a5 b3 47. Kc1 d2+ 0-1

[Event "Budapest Karacsonyi op 4th"]
[Site "Budapest"]
[Date "2012.12.27"]
[Round "1"]
[White "Koltai, Daniel"]
[Black "Palla, Akos Botond"]
[Result "0-1"]
[WhiteElo "1503"]
[BlackElo "1966"]
[PlyCount "42"]
[EventDate "2012.12.27"]
[EventType "swiss"]
[EventRounds "7"]
[EventCountry "HUN"]
[SourceTitle "EXT 2014"]
[Source "ChessBase"]
[SourceDate "2013.11.20"]
[SourceVersion "1"]
[SourceVersionDate "2013.11.20"]
[SourceQuality "1"]

1. e4 c5 2. Nf3 d6 3. d4 cxd4 4. Nxd4 Nf6 5. Nc3 g6 6. Be3 Bg7 7. f3 Nc6 8. Qd2 0-0 9. 0-0-0 d5 10. Nxc6 bxc6 11. exd5 Nxd5 12. Nxd5 cxd5 13. Qxd5 Qc7 14. Qc5 Qb7 15. Qa3 Bf5 16. Be2 Rfc8 17. Rd2 Rab8 18. b3 Bc3 19. Rhd1 Qc7 20. Rd3 Bb4 21. Qb2 Ba3 0-1